书目信息 |
| 题名: |
点“浆”台
|
|
| 作者: | 路瑾 主编 | |
| 分册: | ||
| 出版信息: | 北京 中国协和医科大学出版社 2020 |
|
| 页数: | 222页 | |
| 开本: | 21cm | |
| 丛书名: | ||
| 单 册: | ||
| 中图分类: | R552 | |
| 科图分类: | ||
| 主题词: | 浆细胞--血液病--诊疗 | |
| 电子资源: | ||
| ISBN: | 978-7-5679-1554-1 | |
| 000 | 00818nam0 2200229 450 | |
| 001 | 2340586880 | |
| 005 | 20231104111635.53 | |
| 010 | @a978-7-5679-1554-1@dCNY78.00 | |
| 100 | @a20210322d2020 em y0chiy50 ea | |
| 101 | 0 | @achi |
| 102 | @aCN@b110000 | |
| 105 | @aa z 000yy | |
| 200 | 1 | @a点“浆”台@Adian “ jiang ” tai@e浆细胞疑难病例精粹@f路瑾主编 |
| 210 | @a北京@c中国协和医科大学出版社@d2020 | |
| 215 | @a222页@c图@d21cm | |
| 330 | @a本书摘录了近30例疑难浆细胞疾病病例的诊断与治疗。书中对具体的血液病诊疗方法、疑难病例的分析思路以及浆细胞疾病合并症的诊治经验进行了阐述,并提出了具体的指导意见。 | |
| 510 | 1 | @aEssence of plasma cell disease@zeng |
| 606 | 0 | @a浆细胞@x血液病@x诊疗 |
| 690 | @aR552@v5 | |
| 701 | 0 | @a路瑾@Alu jin@c(肿瘤学)@4主编 |
| 801 | 0 | @aCN@b91MARC@c20210808 |
| 905 | @aZUCC@dR552@e10 | |
| 点“浆”台:浆细胞疑难病例精粹/路瑾主编.-北京:中国协和医科大学出版社,2020 |
| 222页:图;21cm |
| ISBN 978-7-5679-1554-1:CNY78.00 |
| 本书摘录了近30例疑难浆细胞疾病病例的诊断与治疗。书中对具体的血液病诊疗方法、疑难病例的分析思路以及浆细胞疾病合并症的诊治经验进行了阐述,并提出了具体的指导意见。 |
| ● |
| 相关链接 |
|
|
|
正题名:点"浆"台
索取号:R552/10
 
预约/预借
| 序号 | 登录号 | 条形码 | 馆藏地/架位号 | 状态 | 备注 |
| 1 | 2001037515 | 2001037515 | 悦读、辽宁混合/悦读天下/辽批203/ [索取号:R552/10] | 在馆 | |
| 2 | 2001037516 | 2001037516 | 悦读、辽宁混合/悦读天下/辽批203/ [索取号:R552/10] | 在馆 | |
| 3 | 2001037517 | 2001037517 | 悦读、辽宁混合/悦读天下/辽批203/ [索取号:R552/10] | 在馆 | |
| 4 | 2001037518 | 2001037518 | 悦读、辽宁混合/悦读天下/辽批203/ [索取号:R552/10] | 在馆 | |
| 5 | 2001037519 | 2001037519 | 悦读、辽宁混合/悦读天下/辽批203/ [索取号:R552/10] | 在馆 | |
| 6 | 2001037520 | 2001037520 | 悦读、辽宁混合/悦读天下/辽批203/ [索取号:R552/10] | 在馆 |